Harry Styles - Are You Listening Yet? - All lyrics - Statistics

General Stats
  • This quiz has been taken 33 times
    32 since last reset
  • The average score is 259 of 335
Answer Stats
Answer % Correct
a
100%
are
100%
listening
100%
yet?
100%
yet
100%
You
100%
you
100%
your
100%
and
95%
head
90%
head?
90%
in
90%
of
90%
the
90%
The
90%
you're
90%
choices,
86%
hear
86%
Now
86%
Oh,
86%
all
81%
Between
81%
on
81%
out
81%
heart
76%
inside
76%
one
76%
so
76%
voice,
76%
can
71%
don't
67%
Don't
67%
instead
67%
that
67%
else
62%
keep
62%
know
62%
than
62%
at
57%
but
57%
end
57%
is
57%
like
57%
never
57%
sex
57%
somewhere
57%
therapist's
57%
forgetting
52%
friends
52%
God
52%
life
52%
she
52%
smarter
52%
talks,
52%
way
52%
well-fed
52%
what
52%
You've
52%
brink
48%
fix
48%
fixes,
48%
It
48%
it
48%
knows
48%
mantra,
48%
rope
48%
says
48%
believe
43%
had
43%
Ignoring
43%
La,
43%
(La,
43%
La-la,
43%
la-la
43%
(La-la,
43%
la-la)
43%
la-la-la-la-la
43%
la-la-la-la-la)
43%
La-la-la-la-la-la,
43%
(La-la-la-la-la-la,
43%
message
43%
or
43%
sounds
43%
taking
43%
their
43%
there's
43%
tickled,
43%
up
43%
wet
43%
arms,
38%
blink
38%
if
38%
If
38%
inviting,
38%
It's
38%
medium,
38%
mix
38%
tummy
38%
un-intimate
38%
dancing
33%
how
33%
make
33%
own
33%
scream
33%
sure
33%
This
33%
back
29%
join
29%
movement,
29%
must
29%
right
29%
world
29%
fun
24%
screaming,
24%
start
24%
thoughts
24%
to
24%
which
24%
unpredictable
19%
No matching quizzes found
Score Distribution
Percent of People with Each Score
Percentile by Number Answered
Your Score History
You have not taken this quiz since the last reset